000 00428nam a22001697a 4500
005 20160625112401.0
008 160625b xxu||||| |||| 00| 0 eng d
020 _a0-7069-9028-5
041 _aeng
082 _b10149
100 _aKamath, M.V.
_92737
245 _aProfessional Journalism
260 _aNew Delhi
_bVikas Publishing House (P) Ltd.
_c2005
300 _a275
650 _aMass Communication
_92660
942 _cBK
999 _c3963
_d3962